01675cam a22003135i 4500999001700000001000900017003000900026005001700035008004100052020002400093040003300117082002100150100003400171245007200205250002000277264008600297300002900383336002600412337002800438338002700466500002600493500002400519520058200543650004101125651001001166653002001176942001201196952015301208 c19289d1926118045192EG-ScBUE20200203111036.0140224s2014 mau f 001 0 eng d a9780415710893 (pbk) aDLCbengerdacDLCdEG-ScBUE04a808.225bCOO2221 aCook, Martie,eauthor.93794610aWrite to TV :bout of your head and onto the screen /cMartie Cook. aSecond edition. 1aBurlington, MA. ;aAbingdon, Oxon :bFocal Press / Taylor & Francis Group,c2014. axxvi, 375 pages ;c23 cm atextbtxt2rdacontent aunmediatedbn2rdamedia avolumebnc2rdacarrier aFirst published 2007. aIndex : p. 365-375. aLearn to craft smart, original stories and scripts for a variety of television formats and genres, including comedy, drama, pilots, animation, made-for-TV movies, late night, and reality television. Hear directly from studio and network executives, agents, and managers on what they're looking for in new writers and how to avoid common pitfalls. Gain access to sample outlines, script pages, checklists, and countless other invaluable resources that will help you break into the industry and put you on the path to immediate success.In Write to TV, Second Edition industry ve. 7aTelevision authorship.2BUEsh937947 2BUEsh bCOMAMEcMay2015 2ddccBB 00102ddc40708AlahramaMAINbMAINc2NDd2015-05-06ePurchaseg240.00h332l0o808.225 COOp000038121r2025-07-15 00:00:00v300.00w2015-05-06yBB